Normal view
MARC view
- التسويق-ادارة المبيعات
Entry Topical Term
001 - CONTROL NUMBER
- control field: 27946
003 - CONTROL NUMBER IDENTIFIER
- control field: JO-AjAnu
005 - DATE AND TIME OF LATEST TRANSACTION
- control field: 20230606074736.0
008 - FIXED-LENGTH DATA ELEMENTS
- fixed length control field: 230606|| aca||aabn | a|a d
040 ## - CATALOGING SOURCE
- Original cataloging agency: JO-AjAnu
- Transcribing agency: JO-AjAnu
150 ## - HEADING--TOPICAL TERM
- Topical term or geographic name entry element: التسويق-ادارة المبيعات
670 ## - SOURCE DATA FOUND
- Source citation: Work cat.: (JO-AjAnu)14347: جلاب،احسان دهش/هاشم فوزي دباس العبادي, author 27945, التسويق وفق منظور فلسفي ومعرفي معاصر